000 00572nam a22001937a 4500
003 0
005 20160609170034.0
008 101112t xxu||||| |||| 00| 0 eng d
040 _aBUAC
_cBEPAC
100 _aAlassane , Moussa
_910861
130 _lfr
_910862
245 _aEtude de l'impact du gène de resistance Kdr sur le comportement des anopheles
260 _aUAC-EPAC
_bUAC-EPAC
_c2006-2007
300 _aXVII-84p.
650 _aGENE
_bCOMPORTEMENT DES ANOPHELES
_910863
650 _a RESISTANCE Kdr
_910864
700 _aSoumanou , Lawal
_910865
942 _cTHE
999 _c48183
_d48183